Statistiques concernant Tous les clubs ayant évolué au moins une saison en Premier League (depuis 1992-1993)

Cliquez ici pour prendre le quiz!

Statistiques générales

  • Ce quiz a été pris 506 fois
  • Le résultat moyen est 28 sur 47

Statistiques - réponses

Club% Correct
AArsenal
97%
MManchester United
97%
MManchester City
96%
CChelsea
94%
LLiverpool
93%
TTottenham Hotspur
90%
EEverton
88%
AAston Villa
86%
WWest Ham United
86%
NNewcastle United
84%
SSouthampton
82%
LLeicester City
80%
LLeeds United
79%
QQueens Park Rangers
77%
WWolverhampton Wanderers
76%
FFulham
75%
SSunderland
74%
BBurnley
71%
NNorwich City
71%
CCrystal Palace
66%
NNottingham Forest
65%
BBournemouth
64%
BBirmingham City
63%
CCardiff City
62%
WWest Bromwich Albion
62%
SSwansea City
61%
BBlackburn Rovers
59%
WWatford
59%
PPortsmouth
52%
DDerby County
51%
HHull City
51%
SSheffield United
50%
BBolton Wanderers
48%
IIpswich Town
48%
SStoke City
47%
WWigan Athletic
47%
SSheffield Wednesday
37%
RReading
36%
CCoventry City
35%
MMiddlesbrough
35%
BBlackpool
30%
CCharlton Athletic
28%
WWimbledon
28%
BBarnsley
20%
OOldham Athletic
12%
BBradford City
11%
SSwindon Town
9%

Distribution des résultats

Percentile par nombre de réponses

% des personnes avec chaque résultat

Votre développement - résultats

Vous n’avez pas pris ce quiz